000
00368nam a2200133Ia 4500
008
151001s9999||||xx |||||||||||||| ||und||
100
_a
Rabindranath Tagor
245
_a
Nationalism
250
_a
1
260
_b
Rediance
260
_c
2009
300
_a
72
365
_b
21
999
_c
995705
_d
995702